Buku teks mengkultur ikan : (Record no. 2680)

000 -LEADER
fixed length control field nam a22 a 4500
003 - CONTROL NUMBER IDENTIFIER
control field AKMAL
005 - DATE AND TIME OF LATEST TRANSACTION
control field 20170517151429.0
008 - FIXED-LENGTH DATA ELEMENTS--GENERAL INFORMATION
fixed length control field 170517s1995 my a00 may d
020 ## - INTERNATIONAL STANDARD BOOK NUMBER
International Standard Book Number 9836234020 (kkt.):
Terms of availability RM 40.00
040 ## - CATALOGING SOURCE
Original cataloging agency AKMAL
Transcribing agency AKMAL
082 04 - DEWEY DECIMAL CLASSIFICATION NUMBER
Classification number 639.311 HUE
090 10 - LOCALLY ASSIGNED LC-TYPE CALL NUMBER (OCLC); LOCAL CALL NUMBER (RLIN)
Classification number (OCLC) (R) ; Classification number, CALL (RLIN) (NR) 639.311
Local cutter number (OCLC) ; Book number/undivided call number, CALL (RLIN) HUE
100 1# - MAIN ENTRY--PERSONAL NAME
Personal name Huet, Marcel
9 (RLIN) 5623
245 10 - TITLE STATEMENT
Title Buku teks mengkultur ikan :
Remainder of title pembiakbakaan dan pemeliharaan ikan /
Statement of responsibility, etc. Marcel Huet ; penterjemah Faizah Shaharom, Hassan Hj. Mohd Daud, Siti Khalijah Daud
260 ## - PUBLICATION, DISTRIBUTION, ETC.
Place of publication, distribution, etc. Kuala Lumpur :
Name of publisher, distributor, etc. Dewan Bahasa dan Pustaka,
Date of publication, distribution, etc. 1995
300 ## - PHYSICAL DESCRIPTION
Extent xxi, 481ms. :
Other physical details il. ;
Dimensions 25cm
504 ## - BIBLIOGRAPHY, ETC. NOTE
Bibliography, etc. note Bibliografi: ms. 467 - 481
650 ## - SUBJECT ADDED ENTRY--TOPICAL TERM
Topical term or geographic name entry element Fish culture
9 (RLIN) 5624
650 ## - SUBJECT ADDED ENTRY--TOPICAL TERM
Topical term or geographic name entry element Fishes
General subdivision Breeding
9 (RLIN) 5625
700 0# - ADDED ENTRY--PERSONAL NAME
Personal name Faizah Shaharom
9 (RLIN) 5626
700 0# - ADDED ENTRY--PERSONAL NAME
Personal name Hassan Hj. Mohd Daud
9 (RLIN) 5627
942 ## - ADDED ENTRY ELEMENTS (KOHA)
Source of classification or shelving scheme
Koha item type Book
Holdings
Withdrawn status Lost status Source of classification or shelving scheme Damaged status Not for loan Collection code Home library Current library Shelving location Date acquired Inventory number Total Checkouts Full call number Barcode Date last seen Price effective from Koha item type
          NON-FICTION AKMAL Melaka AKMAL Melaka PINJAMAN 17.05.2017 601496   639.311 HUE 201703540 17.05.2017 17.05.2017 Book
Pusat Sumber Maklumat Dato' Haji Sarmin Md Hussin, Akademi Kastam Diraja Malaysia, Melaka
Tel: 06-2331106 | Faks: 06-2313787